Vplyv technologických parametrov na kvalitu produkcie elektroerozívneho drôtového rezania

Saved in:
Bibliographic Details
Main Author: Kabáthová, Dominika (Author)
Other Authors: Matúš, Miloš (Thesis advisor)
Format: Manuscript Book
Language:Slovak
Published: 2024
Subjects:
Online Access:http://is.stuba.sk/zp/portal_zp.pl?podrobnosti=179037
Tags: Add Tag
No Tags, Be the first to tag this record!

MARC

LEADER 00000ntm a22000003a 4500
001 stuzp99889
003 SK-STU
005 20241106084802.3
007 ta
008 150427s2015----xo-----f-mn---000-0-slo-d
040 |a STU  |b slo 
041 0 |a slo 
100 1 |a Kabáthová, Dominika  |u 020070  |4 aut  |U SjF Strojnícka fakulta  |T SjF Ústav výrobného inžinierstva a kvality produkcie  |X 104921  |U J0070  |Y 804  |7 104921 
242 0 1 |a Effect of Technological Parameters on the Quality of Wire Electro Discharge Machining Production  |y eng 
245 1 0 |a Vplyv technologických parametrov na kvalitu produkcie elektroerozívneho drôtového rezania 
260 |c 2024 
650 4 |a elektroerozívne obrábanie  |2 slo 
650 4 |a WEDM  |2 slo 
650 4 |a súdkovitosť  |2 slo 
650 4 |a odchýlka od priamosti  |2 slo 
650 4 |a Wire Electro Discharge Machining  |2 eng 
650 4 |a barrel shape effect  |2 eng 
650 4 |a straightness deviation  |2 eng 
700 1 |a Matúš, Miloš  |u 020070  |k Z1  |4 ths  |U SjF Strojnícka fakulta  |T SjF Ústav výrobného inžinierstva a kvality produkcie  |X 21762  |U J0070  |Y 804  |7 21762 
856 4 |u http://is.stuba.sk/zp/portal_zp.pl?podrobnosti=179037 
996 |b 284J047621  |c J* 3716/DDP  |l JJSK  |s A  |a 24  |w stuzp99889_0001